Współczesne państwa kontrolowane przez Oś podczas II wojny światowej - Statystyki

Ogólne statystyki
  • Ten quiz został rozwiązany 5 075 razy
    4 599 od ostatniego zresetowania
  • Średni wynik to 64 z 75
Odpowiedzi na mapie
Odpowiedzi zakodowano w zielono-czerwonej skali na mapie do tego quizu, zgodnie z poniższymi procentami.
 
Statystyki odpowiedzi
Państwo % Poprawnych
Polska
99%
Francja
98%
Niemcy
98%
Rosja
98%
Ukraina
98%
Włochy
98%
Belgia
97%
Białoruś
97%
Czechy
97%
Estonia
97%
Finlandia
97%
Holandia
97%
Litwa
97%
Łotwa
97%
Norwegia
97%
Słowacja
97%
Austria
96%
Chiny
96%
Chorwacja
96%
Dania
96%
Grecja
96%
Japonia
96%
Rumunia
96%
Węgry
96%
Bułgaria
95%
Egipt
95%
Mołdawia
95%
Serbia
95%
Słowenia
95%
Albania
94%
Bośnia i Hercegowina
94%
Korea Północna
94%
Kosowo
94%
Macedonia Północna
94%
Czarnogóra
93%
Korea Południowa
93%
San Marino
93%
Indonezja
92%
Irak
92%
Monako
92%
Tunezja
92%
Libia
91%
Filipiny
90%
Luksemburg
90%
Tajlandia
90%
Wietnam
90%
Mongolia
89%
Somalia
88%
Etiopia
87%
Tajwan
87%
Laos
86%
Malezja
85%
Papua-Nowa Gwinea
85%
Indie
84%
Kambodża
84%
Mjanma
83%
Singapur
82%
Czad
81%
Erytrea
80%
Kenia
76%
Sudan
71%
Timor Wschodni
70%
Mikronezja
67%
Wielka Brytania (Wyspy Normandzkie)
67%
Wyspy Salomona
63%
Brunei
62%
Wyspy Marshalla
62%
Palau
61%
Arabia Saudyjska
56%
Nauru
56%
Kiribati
55%
Stany Zjednoczone (Kilka terytoriów zależnych)
55%
Australia (Wyspa Bożego Narodzenia)
53%
Jemen (Hanisz)
47%
Niger
43%
Nie znaleziono quizów pasujących do podanych kryteriów
Rozkład punktacji
Procent ludzi z każdym wynikiem
Percentyl według liczby udzielonych odpowiedzi
Twoja historia wyników
Nie rozwiązałeś tego quizu od ostatniego zresetowania